|
|
|
|
| LEADER |
00000cam a2200000 a 4500 |
| 001 |
vtls001090166 |
| 003 |
SK-MaSNL |
| 005 |
20260301055550.0 |
| 008 |
240314s1982 xo 00000 slo |
| 015 |
|
|
|a SNBA1983/01
|
| 035 |
|
|
|a SNK000033008
|
| 040 |
|
|
|a SNK
|b slo
|c SNK
|e AACR2
|
| 041 |
0 |
|
|a slo
|
| 044 |
|
|
|a xo
|c SK
|
| 080 |
|
|
|a 676(437.647-22)(084.12)
|2 1981
|
| 100 |
1 |
|
|a Leštinský, Ján
|4 aut
|9 369387
|
| 245 |
1 |
0 |
|a Celulózovo-papiernický kombinát Ružomberok
|c Ján Leštinský ; preba., väzba a graf. upr. Alžbeta Turanová ; fotogr. František Šlachta a archív Slovcepa-GR
|
| 250 |
|
|
|a 1. vyd.
|
| 260 |
|
|
|a Martin
|b Osveta
|a S.l.
|b Severoslovenské celulózky a papierne v Ružomberku [vyd.]
|c 1982
|e Martin
|f Tlačiarne SNP
|
| 300 |
|
|
|a 116 s., 16,67 AH
|b 1 sch. a 1. tb. príl.
|c 30 cm
|
| 366 |
|
|
|e 5000 výt. Nepredajné
|
| 500 |
|
|
|a Fot. na front.
|
| 610 |
|
7 |
|a Celulózovo- papiernický kombinát, Ružomberok (Slovensko)
|2 SNK
|9 369388
|
| 655 |
|
7 |
|a texty a fotografie
|2 SNK
|9 73097
|
| 700 |
1 |
|
|a Turanová, Alžbeta
|4 ill
|9 369389
|
| 700 |
1 |
|
|a Šlachta, František
|c (fotograf)
|4 pht
|9 179022
|
| 958 |
|
|
|a OND
|
| 999 |
|
|
|c 613658
|d 615588
|
| 952 |
|
|
|t P60, <04>, [BOOK], {604}
|a SNK
|b SNK
|y VYP
|7 0
|p 17A0053890
|o snkSB 34782 D1
|0 0
|1 0
|4 0
|d 1997-03-06
|l 0
|r 2004-12-31 00:00:00
|w 2026-02-23
|
| 952 |
|
|
|a SNK
|b SNK
|y PREZ
|7 0
|p 17A0953064
|o snkSB 34782
|0 0
|1 0
|4 0
|d 2012-07-19
|f 1
|l 0
|r 2025-04-10 00:00:00
|w 2026-02-23
|
| 952 |
|
|
|a SNK
|b SNK
|y PREZ
|7 0
|p 17A0983245
|o snkSB 34782/príl.
|i snkKSP 10912
|3 príloha
|0 0
|1 0
|4 0
|d 2014-06-12
|l 0
|r 2025-04-10 00:00:00
|w 2026-02-23
|